Thèses présentées à la Faculté des sciences de Paris, pour obtenir le grade de Docteur ès sciences mathématiques /
Guardado en:
| Formato: | Libro |
|---|---|
| Idioma: | French |
| Publicado: |
Paris :
Gauthier-Villars,
1884.
|
| Etiquetas: |
Agregar Etiqueta
Sin Etiquetas, Sea el primero en etiquetar este registro!
|
| LEADER | 00552nam a22001335a 4500 | ||
|---|---|---|---|
| 001 | MAT.inmabb001648 | ||
| 008 | 051017s1884####fr############000#0#fre## | ||
| 005 | 20170817162126.0 | ||
| 245 | 1 | 0 | |a Thèses présentées à la Faculté des sciences de Paris, pour obtenir le grade de Docteur ès sciences mathématiques / |c par Cyparissos Stéphanos ??. |
| 260 | |a Paris : |b Gauthier-Villars, |c 1884. | ||
| 300 | |a 64 p. ; |c 28 cm. | ||
| 740 | |a Memoire sur la théorie des formes binaires et sur l'élimination | ||
| 084 | |a 11-XX |2 msc2000 | ||
| 859 | |h 11 |i St827 |p A-2075 |b BIB. MATEMATICA | ||
